COLOUR ATLAS OF SURGERY (Record no. 2951)

MARC details
000 -LEADER
fixed length control field 00356nam a2200145Ia 4500
008 - FIXED-LENGTH DATA ELEMENTS--GENERAL INFORMATION
fixed length control field 150201s2000 xx 000 0 und d
082 ## - DEWEY DECIMAL CLASSIFICATION NUMBER
Classification number 617.5
Item number C2000G
100 ## - MAIN ENTRY--PERSONAL NAME
Personal name GUPTA ,ROSHANLAL
245 ## - TITLE STATEMENT
Title COLOUR ATLAS OF SURGERY
250 ## - EDITION STATEMENT
Edition statement 1ST
260 ## - PUBLICATION, DISTRIBUTION, ETC. (IMPRINT)
Name of publisher, distributor, etc. JAYPEE MEDICAL PUBLISHER
Place of publication, distribution, etc. DELHI
Date of publication, distribution, etc. 2000
300 ## - PHYSICAL DESCRIPTION
Extent 1-208
650 ## - SUBJECT ADDED ENTRY--TOPICAL TERM
Topical term or geographic name as entry element SURGERY
942 ## - ADDED ENTRY ELEMENTS (KOHA)
Source of classification or shelving scheme Dewey Decimal Classification
Koha item type Books
Koha issues (borrowed), all copies 1
Holdings
Withdrawn status Lost status Source of classification or shelving scheme Damaged status Not for loan Home library Current library Date acquired Source of acquisition Cost, normal purchase price Serial Enumeration / chronology SGTU Bill Number Total Checkouts Full call number Barcode Date last seen Date last checked out Bill Date Koha item type
    Dewey Decimal Classification     SGT Dental Library SGT Dental Library 15/05/2004 U.B.S.DELHI 265.00 1 SGTU 120 1 617.5 C2000G FD1983 29/11/2021 29/11/2021 13/03/2012 Books
    Dewey Decimal Classification     SGT Dental Library SGT Dental Library 15/05/2004 U.B.S.DELHI 265.00 1 SGTU 120   617.5 C2000G FD1984 09/02/2015   13/03/2012 Books